Nezacláňajme si oči! (kriticky o riadiacej trénerskej práci vrcholového športu)

Podrobná bibliografia
Hlavný autor: Burian, Rado (Autor)
Médium: Článok
Jazyk:slovenčina
Predmet:

MARC

LEADER 00000nab a2200000 ar4500
001 vtls009347418
003 SK-MaSNL
005 20260303055233.0
008 081014c19730430xo wr|||||||||000 b|slo
015 |a SNBRB1973  |2 snkbucl 
038 |a SNKBUCL 
040 |a SNKBUCL  |b slo  |c SNKBUCL  |e AACR2 
041 0 |a slo 
044 |a xo  |c SK 
080 |a 796.034.2  |2 2001 
100 1 |a Burian, Rado  |4 aut  |9 923510 
245 1 0 |a Nezacláňajme si oči!  |b (kriticky o riadiacej trénerskej práci vrcholového športu)  |c Rado Burian 
650 0 7 |a šport  |2 snkbucl  |9 1042 
773 0 |t Šport  |g (30.4.1973), s. 2 
852 |a SNK  |b KIS3GCP 
999 |c 1726513  |d 1728443